| 000 | 00725 a2200217 4500 | ||
|---|---|---|---|
| 003 | Nust | ||
| 005 | 20220721184854.0 | ||
| 010 | _a 2003053665 | ||
| 020 | _a0130461091 | ||
| 040 | _cNust | ||
| 082 | 0 | 0 | _a004.01,DIX |
| 100 |
_aDix, Alan _918047 |
||
| 245 | 0 | 0 |
_aHuman-computer interaction / _cAlan Dix ... [et al.]. |
| 250 | _a3rd ed. | ||
| 260 |
_aHarlow, England ; _aNew York : _bPearson/Prentice-Hall, _c2004. |
||
| 300 |
_axxv, 834 p. : _bill. _c24 cm. |
||
| 505 | _aPART-1: Foundations (Page-9), PART-2: Design Process (Page-189), PART-3: Models and Theories (Page-417), PART-4: Outside the Box (Page-661). | ||
| 650 | 0 | _aHuman-computer interaction. | |
| 700 | 1 |
_aDix, Alan. _918047 |
|
| 942 |
_2ddc _cBK _k004.01,DIX |
||
| 999 |
_c176951 _d176951 |
||